MARC

LEADER 00000nam0a2200000 4500
001 299002
005 20231102001148.0
035 |a (RuTPU)RU\TPU\book\324153 
090 |a 299002 
100 |a 20150624d1978 km y0rusy50 ca 
101 0 |a rus 
102 |a RU 
105 |a a z 001zy 
200 1 |a Эквивалентные представления дискретных устройств  |f Ч. И. Аскеров, В. В. Гамидов 
210 |a Москва  |c Энергия  |d 1978 
215 |a 118 с.  |c ил. 
225 1 |a Библиотека по автоматике  |v Вып. 580 
320 |a Библиогр.: с. 114-116. 
606 1 |a Автоматов теория  |x (автоматика)  |2 stltpush  |3 (RuTPU)RU\TPU\subj\65958  |9 82265 
610 1 |a графы 
610 1 |a алгоритмы 
610 1 |a квазиэквивалентные преобразования 
610 1 |a автоматы 
610 1 |a конечные автоматы 
610 1 |a модели 
610 1 |a режимы работы 
675 |a 681.51.01  |v 3 
700 1 |a Аскеров  |b Ч. И.  |g Чингиз Исфендияр 
701 1 |a Гамидов  |b В. В.  |g Валерий Вагабович 
801 1 |a RU  |b 63413507  |c 20150624 
801 2 |a RU  |b 63413507  |c 20160916  |g RCR 
942 |c BK